Groups of Seven - xkcd - Statistics

General Stats
  • This quiz has been taken 1,078 times
  • The average score is 38 of 105
Answer Stats
Answer % Correct
Red
91%
Asia
90%
Blue
89%
Europe
89%
Green
89%
North America
89%
South America
89%
Yellow
89%
Orange
88%
Africa
87%
Sleepy
86%
Friday
84%
Monday
84%
Sunday
84%
Thursday
84%
Tuesday
84%
Wednesday
84%
Australia
83%
Grumpy
83%
Saturday
83%
Doc
82%
Violet
82%
Antarctica
78%
Sneezy
78%
Dopey
77%
Indigo
77%
Happy
76%
Bashful
69%
Great Pyramid of Giza
66%
Avarice
64%
Sloth
62%
Gluttony
59%
Lust
58%
Envy
56%
Hanging Gardens of Babylon
52%
Cheese
51%
Mediterranean Sea
48%
Sour Cream
45%
Wrath
45%
Arctic Ocean
44%
Pacific Ocean
44%
Pride
44%
Atlantic Ocean
43%
Indian Ocean
43%
Species
43%
Refried Beans
41%
Genus
40%
Salsa
40%
Kingdom
38%
Guacamole
37%
Phylum
37%
Family
35%
Colossus of Rhodes
33%
Lighthouse of Alexandria
33%
Caribbean Sea
29%
Class
29%
Order
29%
Statue of Zeus at Olympia
19%
Ground Beef
16%
Temple of Artemis at Ephesus
16%
Mausoleum at Halicarnassus
14%
Olives
14%
Wellesley College
9%
Vassar College
8%
Antigone
7%
Bryn Mawr College
7%
Oedipus the King
7%
Radcliffe College
6%
Smith College
6%
Barnard College
5%
First Seal
5%
Electra
4%
Fifth Seal
4%
Fourth Seal
4%
Gulf of Mexico
4%
Second Seal
4%
Seventh Seal
4%
Sixth Seal
4%
Third Seal
4%
Application
3%
Data Link
3%
Mount Holyoke College
3%
Network
3%
Physical
3%
Transport
3%
Be Proactive
2%
Presentation
2%
Ajax
1%
Alcyone
1%
Begin with the End in Mind
1%
Celaeno
1%
Maia
1%
Merope
1%
Oedipus At Colonos
1%
Put First Things First
1%
Seek First to Understand
1%
Session
1%
Sharpen the Saw
1%
Sterope
1%
Synergize
1%
Taygete
1%
Think Win-Win
1%
Philoctetes
0%
The Trachinian Maidens
0%
No matching quizzes found
Score Distribution
Percent of People with Each Score
Percentile by Number Answered
Your Score History
You have not taken this quiz